000 00628cam a22002291 4500
001 sa 65009964
003 DLC
005 20260227112206.0
008 861119s1964 ii 000 0 eng
010 _asa 65009964
025 _aPL480:I-E-4544
035 _a(OCoLC)14766664
040 _aDLC
_cWaU
_dDLC
042 _apremarc
050 0 0 _aHD9066.I42
_bN3
100 1 _aNair, P. K.,
_d1921-
245 1 2 _aA plan for rice production in Kerala (1964-'65 to 1975-'76)
_cby P.K. Nair.
250 _a[1st ed.
260 _aTrichur,
_bV. Balakrishnan,
_c1964].
300 _ax, 85 p.
_c22 cm.
650 0 _aRice
_zIndia
_zKerala.
999 _c66540
_d66540